[Event "I Festival A"]
[Site "Erba ITA"]
[Date "2007.02.25"]
[Round "4"]
[White "Brunetti, Alessandro"]
[Black "Cantoro, Daniele"]
[Result "0-1"]
[WhiteElo "2005"]
[BlackElo "1933"]
[PlyCount "80"]
[EventDate "2007.02.23"]

1. d4 d5 2. c3 Nf6 3. Bf4 e6 4. Nf3 Bd6 5. Bg3 O-O 6. e3 Nbd7 7. Nbd2 Ne4 8.
Nxe4 dxe4 9. Nd2 f5 10. Bxd6 cxd6 11. f3 d5 12. Be2 Qg5 13. Kf2 f4 14. exf4
Qxf4 15. Nf1 Nf6 16. h3 exf3 17. Bxf3 Ne4+ 18. Kg1 Ng3 19. Nxg3 Qxg3 20. Qe2
Bd7 21. Re1 Rae8 22. Qf2 Rxf3 23. Qxf3 Qxe1+ 24. Kh2 Qh4 25. Rf1 Qe7 26. Re1
Qf6 27. Qg4 Rf8 28. Kh1 Qf2 29. Rd1 Qxb2 30. Qg3 Qe2 31. Rg1 Qb5 32. Kh2 Qc6
33. Rc1 Rc8 34. Qg5 Qd6+ 35. Kh1 Rf8 36. Re1 Qf4 37. Qe7 Qf7 38. Qd6 Bb5 39.
Qc5 Bf1 40. Re5 Bxg2+ 0-1

[Event "I Festival A"]
[Site "Erba ITA"]
[Date "2007.02.25"]
[Round "4"]
[White "Cardani, Roberto"]
[Black "Brugo, Marco"]
[Result "0-1"]
[WhiteElo "1887"]
[BlackElo "2085"]
[PlyCount "66"]
[EventDate "2007.02.23"]

1. e4 e6 2. d4 d5 3. Nc3 Nf6 4. Bg5 Bb4 5. e5 h6 6. Bd2 Bxc3 7. bxc3 Ne4 8. Qg4
g6 9. Bd3 Nxd2 10. Kxd2 c5 11. h4 Nc6 12. Nf3 cxd4 13. cxd4 Qa5+ 14. c3 b6 15.
h5 g5 16. a4 Ba6 17. Rhc1 Bxd3 18. Kxd3 Qa6+ 19. Ke3 Rc8 20. Nd2 Ne7 21. Nb3
Rc4 22. Kd2 Rxa4 23. Qf3 Ra2+ 24. Ke1 Nc6 25. Rxa2 Qxa2 26. c4 O-O 27. cxd5 Na5
28. Nd2 Qxd5 29. Ne4 Qxd4 30. Nf6+ Kg7 31. Qe2 Rd8 32. f4 Qg1+ 33. Qf1 Qe3+ 0-1

[Event "I Festival A"]
[Site "Erba ITA"]
[Date "2007.02.25"]
[Round "4"]
[White "Di Paolo, Raffaele"]
[Black "Cazzaniga, Walter"]
[Result "1-0"]
[WhiteElo "2329"]
[BlackElo "2157"]
[PlyCount "109"]
[EventDate "2007.02.23"]

1. e4 e6 2. d4 d5 3. Nc3 Bb4 4. e5 c5 5. a3 Bxc3+ 6. bxc3 Qa5 7. Bd2 Qa4 8. Nf3
b6 9. h4 Ba6 10. h5 Bxf1 11. Kxf1 h6 12. dxc5 bxc5 13. Rh4 Qa6+ 14. Kg1 Ne7 15.
c4 Nd7 16. Rg4 Qa4 17. c3 Qxd1+ 18. Rxd1 Nf5 19. cxd5 exd5 20. Ra4 O-O 21. g4
Ne7 22. g5 hxg5 23. Bxg5 Nc6 24. Ra6 Ndb8 25. Ra4 Nd7 26. h6 d4 27. hxg7 Kxg7
28. cxd4 cxd4 29. Ra6 Nb6 30. Bf6+ Kg6 31. Nxd4 Nb8 32. Ra5 N8d7 33. Nc6 Nxf6
34. Rd6 Nc4 35. Rxf6+ Kg7 36. Ra6 Rfc8 37. f4 Rh8 38. Ne7 Ne3 39. Nf5+ Nxf5 40.
Rxf5 Rh3 41. Rg5+ Kf8 42. Kg2 Rc3 43. Rg3 Rc4 44. Kf3 Rc7 45. Kg4 Rb8 46. Kf5
Rb6 47. Rxb6 axb6 48. Rb3 Rc6 49. Rb4 Kg7 50. Ke4 Kg6 51. a4 f5+ 52. Kd5 Rc5+
53. Ke6 Ra5 54. Kd6 Ra7 55. Kc6 1-0

[Event "I Festival A"]
[Site "Erba ITA"]
[Date "2007.02.25"]
[Round "4"]
[White "Fossati, Remigio"]
[Black "Bozzali, Ermanno"]
[Result "0-1"]
[WhiteElo "2181"]
[BlackElo "2062"]
[PlyCount "36"]
[EventDate "2007.02.23"]

1. d4 Nf6 2. c4 e6 3. Nc3 Bb4 4. e3 b6 5. Nge2 Ba6 6. a3 Bxc3+ 7. Nxc3 d5 8.
Qf3 c6 9. b3 O-O 10. Bb2 Re8 11. Rd1 Nbd7 12. Be2 b5 13. cxd5 cxd5 14. O-O Rb8
15. Rb1 Rb6 16. g4 h6 17. h4 b4 18. Bxa6 bxc3 0-1

[Event "I Festival A"]
[Site "Erba ITA"]
[Date "2007.02.25"]
[Round "4"]
[White "Gagliardi, Christian"]
[Black "Raineri, Valerio"]
[Result "1-0"]
[WhiteElo "2112"]
[BlackElo "2143"]
[PlyCount "113"]
[EventDate "2007.02.23"]

1. Nf3 Nf6 2. g3 g6 3. Bg2 Bg7 4. O-O d6 5. c4 O-O 6. Nc3 e5 7. d3 c5 8. Bg5 h6
9. Bxf6 Bxf6 10. Ne1 Nc6 11. Nc2 Be6 12. Ne3 Bg7 13. Ned5 Qd7 14. Rb1 f5 15. a3
f4 16. b4 Rf7 17. b5 Nd4 18. b6 f3 19. exf3 Bh3 20. Ne4 Bxg2 21. Kxg2 a6 22. h3
Raf8 23. f4 exf4 24. Qg4 f3+ 25. Kh2 Qxg4 26. hxg4 Be5 27. a4 h5 28. gxh5 Rh7
29. Kh3 Rxh5+ 30. Kg4 Nf5 31. Kxf3 Nxg3+ 32. Nef6+ Bxf6 33. fxg3 Re5 34. Kg2
Re2+ 35. Kh3 Kg7 36. Rbe1 Rxe1 37. Rxe1 Be5 38. Kg2 Rf5 39. Re4 Kf8 40. Rg4 Kg7
41. Rh4 Bd4 42. Rf4 Re5 43. Kf3 Re1 44. Re4 Rf1+ 45. Kg4 Be5 46. Nf4 Kf7 47.
Kg5 Ra1 48. Nxg6 Bf6+ 49. Kf5 Rf1+ 50. Nf4 Be5 51. g4 Ra1 52. g5 Bxf4 53. Rxf4
Rxa4 54. g6+ Kg7 55. Rh4 Ra1 56. Rh7+ Kg8 57. Rxb7 1-0

[Event "I Festival A"]
[Site "Erba ITA"]
[Date "2007.02.25"]
[Round "4"]
[White "Martinez, Rolly"]
[Black "Borgo, Giulio"]
[Result "1/2-1/2"]
[WhiteElo "2419"]
[BlackElo "2417"]
[PlyCount "20"]
[EventDate "2007.02.23"]

1. c4 c5 2. g3 g6 3. Bg2 Bg7 4. Nc3 Nc6 5. e4 d6 6. Nge2 e6 7. d3 Nge7 8. Be3
O-O 9. O-O Nd4 10. Qd2 a6 1/2-1/2

[Event "I Festival A"]
[Site "Erba ITA"]
[Date "2007.02.25"]
[Round "4"]
[White "Mazzariol, Oscar"]
[Black "Bernasconi, Roberto"]
[Result "0-1"]
[WhiteElo "2031"]
[BlackElo "1935"]
[PlyCount "52"]
[EventDate "2007.02.23"]

1. d4 d5 2. c4 dxc4 3. e4 e5 4. Nf3 Bb4+ 5. Nbd2 exd4 6. Bxc4 Nf6 7. Qb3 Bxd2+
8. Bxd2 O-O 9. Bb4 Nxe4 10. Bxf8 Qxf8 11. Nxd4 Qc5 12. Qd3 Qb4+ 13. Ke2 Qxb2+
14. Nc2 Nd6 15. Rad1 Nc6 16. Bb3 Bf5 17. Qd2 Ne4 18. Qf4 Nc3+ 19. Kf3 Nxd1 20.
Qxf5 Nd4+ 21. Nxd4 Qxf2+ 22. Ke4 Qe3+ 23. Kd5 Rd8+ 24. Kc5 Qxd4+ 25. Kb5 Qb6+
26. Ka4 Rd4+ 0-1

[Event "I Festival A"]
[Site "Erba ITA"]
[Date "2007.02.25"]
[Round "4"]
[White "Orsi, Matteo"]
[Black "Sironi, Roberto"]
[Result "0-1"]
[WhiteElo "1978"]
[BlackElo "1942"]
[PlyCount "40"]
[EventDate "2007.02.23"]

1. Nf3 Nf6 2. d4 e6 3. c4 d5 4. g3 c6 5. Bg2 dxc4 6. Nc3 Nbd7 7. O-O Be7 8. e4
O-O 9. Re1 a6 10. Bg5 b5 11. d5 cxd5 12. exd5 Nc5 13. Ne5 Bb7 14. dxe6 fxe6 15.
Bxb7 Nxb7 16. Qe2 Nc5 17. Nxc4 bxc4 18. Qxc4 Qd3 19. Qf4 Nfe4 20. Qe5 Nxg5 0-1

[Event "I Festival A"]
[Site "Erba ITA"]
[Date "2007.02.25"]
[Round "4"]
[White "Pace, Pietro Dario"]
[Black "Annoni, Riccardo"]
[Result "0-1"]
[WhiteElo "2248"]
[BlackElo "2065"]
[PlyCount "104"]
[EventDate "2007.02.23"]

1. e4 c5 2. Nf3 e6 3. d3 Nc6 4. g3 g6 5. Bg2 Bg7 6. O-O d6 7. c3 Nge7 8. Bg5
O-O 9. Re1 h6 10. Be3 Rb8 11. a3 e5 12. b4 b6 13. b5 Na5 14. Nbd2 Bg4 15. h3
Be6 16. Nf1 Qd7 17. c4 Bxh3 18. Rb1 Bxg2 19. Kxg2 Nb7 20. N1h2 Nd8 21. Rh1 f5
22. Qd2 g5 23. exf5 Nxf5 24. Qe2 Ne6 25. Nd2 d5 26. Ndf1 dxc4 27. dxc4 Rbd8 28.
Qg4 Qf7 29. Qe4 Nxe3+ 30. Qxe3 Qf5 31. Qe1 Nd4 32. Ne3 Qe4+ 33. Kg1 Ne2+ 34.
Qxe2 Qxb1+ 35. Kg2 Qe4+ 36. f3 Qd3 37. Qxd3 Rxd3 38. Nd5 Rxa3 39. Rd1 Ra2+ 40.
Kh3 Rc2 41. Ne7+ Kh7 42. Nc6 Rf7 43. Nd8 Re7 44. Ng4 Rxc4 45. Nc6 Rc7 46. Ne3
Ra4 47. Rd6 Rf7 48. Ng4 Rxf3 49. Rd7 e4 50. Re7 Raa3 51. Nge5 Rxg3+ 52. Kh2
Rgb3 0-1

[Event "I Festival A"]
[Site "Erba ITA"]
[Date "2007.02.25"]
[Round "4"]
[White "Rossi, Giampiero"]
[Black "Ceccarini, Marco"]
[Result "1/2-1/2"]
[WhiteElo "1980"]
[BlackElo "2050"]
[PlyCount "45"]
[EventDate "2007.02.23"]

1. d4 d6 2. c4 e5 3. Nc3 exd4 4. Qxd4 Nc6 5. Qd2 g6 6. b3 Bg7 7. Bb2 Nf6 8. Nf3
O-O 9. e3 Bf5 10. Be2 Ne4 11. Nxe4 Bxe4 12. O-O Ne5 13. Nxe5 Bxe5 14. Bxe5 dxe5
15. Qxd8 Rfxd8 16. Rfd1 c5 17. Rxd8+ Rxd8 18. Rd1 Rxd1+ 19. Bxd1 a5 20. f3 Bc6
21. a4 f6 22. Kf2 Kf7 23. g3 1/2-1/2

[Event "I Festival A"]
[Site "Erba ITA"]
[Date "2007.02.25"]
[Round "4"]
[White "Salvador, Roland"]
[Black "Rigo, Gianfrancesco"]
[Result "1-0"]
[WhiteElo "2450"]
[BlackElo "2055"]
[PlyCount "57"]
[EventDate "2007.02.23"]

1. d4 Nf6 2. Nf3 e6 3. c4 Bb4+ 4. Bd2 Qe7 5. Nc3 b6 6. g3 Bb7 7. Bg2 O-O 8. O-O
Bxc3 9. Bxc3 d6 10. Qc2 Be4 11. Qa4 Bc6 12. Qa3 Re8 13. Rac1 Ne4 14. Rfd1 Nxc3
15. Rxc3 Nd7 16. Re3 Qf8 17. d5 exd5 18. cxd5 Rxe3 19. Qxe3 Bb7 20. Qc3 Nf6 21.
Nh4 Qc8 22. e4 Qd7 23. Rc1 Rc8 24. Nf5 Kf8 25. Bh3 Qa4 26. Nxd6 Nxe4 27. Nxe4
Qxe4 28. Bxc8 Bxd5 29. f3 1-0

[Event "I Festival A"]
[Site "Erba ITA"]
[Date "2007.02.25"]
[Round "4"]
[White "Virzi, Ettore"]
[Black "Ljubisavljevic, Zivojin Z."]
[Result "0-1"]
[WhiteElo "1952"]
[BlackElo "2279"]
[PlyCount "98"]
[EventDate "2007.02.23"]

1. e4 g6 2. d4 Bg7 3. Nc3 c5 4. Nf3 cxd4 5. Nxd4 Nc6 6. Be3 Nf6 7. Qd2 O-O 8.
O-O-O Ng4 9. Nxc6 bxc6 10. Bc4 Nxe3 11. Qxe3 Qb6 12. Qxb6 axb6 13. Kb1 Bxc3 14.
bxc3 d6 15. Kb2 Ra4 16. Bd3 Be6 17. a3 Rfa8 18. Ra1 d5 19. exd5 Bxd5 20. f3 e5
21. Rhe1 Re8 22. Re3 f6 23. Rae1 Kf7 24. Rd1 Ke6 25. g3 g5 26. c4 Bxc4 27. Bxh7
Rh8 28. Be4 Bd5 29. Rd2 b5 30. Rc3 Rd4 31. Rf2 f5 32. Bd3 e4 33. fxe4 fxe4 34.
Bf1 b4 35. axb4 Rxb4+ 36. Kc1 Ke5 37. Ra3 Rbb8 38. c4 Rbf8 39. Rxf8 Rxf8 40.
Be2 Be6 41. Ra5+ Kd4 42. Rxg5 Rf2 43. Kd1 Bxc4 44. Bxc4 Kxc4 45. h4 Kd3 46. Ke1
Rc2 47. Ra5 Rc1+ 48. Kf2 e3+ 49. Kg2 e2 0-1

[Event "I Festival A"]
[Site "Erba ITA"]
[Date "2007.02.25"]
[Round "5"]
[White "Agrifoglio, Fabio"]
[Black "Brunetti, Alessandro"]
[Result "0-1"]
[WhiteElo "2032"]
[BlackElo "2005"]
[PlyCount "86"]
[EventDate "2007.02.23"]

1. d4 d5 2. c4 e6 3. Nc3 Nf6 4. Bg5 Nbd7 5. cxd5 exd5 6. e3 c6 7. Bd3 Be7 8.
Qc2 O-O 9. Nge2 Re8 10. O-O Nf8 11. Rae1 h6 12. Bf4 Be6 13. h3 N6d7 14. Bh2 f6
15. f4 Bf7 16. f5 Nb6 17. Rf3 Nh7 18. Kh1 Ng5 19. Rff1 Nc8 20. h4 Nh7 21. Bf4
Bd6 22. a3 Qc7 23. Qc1 Nf8 24. e4 dxe4 25. Nxe4 Bxf4 26. Nxf4 Nd6 27. d5 Nxe4
28. Bxe4 c5 29. Qc3 Nd7 30. Ne6 Bxe6 31. fxe6 Ne5 32. Qg3 Rf8 33. d6 Qxd6 34.
Rd1 Qe7 35. Rd7 Nxd7 36. Qg6 f5 37. Bxb7 Qxh4+ 38. Kg1 Qd4+ 39. Kh1 Ne5 40. Qh5
Rab8 41. Rd1 Qg4 42. Qxg4 Nxg4 43. Rd7 Rfe8 0-1

[Event "I Festival A"]
[Site "Erba ITA"]
[Date "2007.02.25"]
[Round "5"]
[White "Bernasconi, Roberto"]
[Black "Fossati, Remigio"]
[Result "0-1"]
[WhiteElo "1935"]
[BlackElo "2181"]
[PlyCount "68"]
[EventDate "2007.02.23"]

1. e4 c5 2. Nf3 d6 3. d4 cxd4 4. Nxd4 Nf6 5. Nc3 a6 6. Bg5 e6 7. f4 Nbd7 8. Qf3
Qc7 9. O-O-O b5 10. Bd3 Bb7 11. Rhe1 Qb6 12. Bxf6 Nxf6 13. Qg3 Nd7 14. Nce2
O-O-O 15. Kb1 g6 16. Nb3 Bg7 17. Rc1 Kb8 18. c4 b4 19. Qg5 Nc5 20. Nxc5 dxc5
21. Bc2 Rd2 22. e5 Rhd8 23. Rcd1 Qc6 24. Qe7 Rxd1+ 25. Bxd1 Rd7 26. Qe8+ Ka7
27. Qg8 f6 28. Ng3 fxe5 29. Bf3 Qd6 30. Rd1 Qc7 31. Qxe6 Rxd1+ 32. Bxd1 exf4
33. Ne4 Qd8 34. Qd6 Bxe4+ 0-1

[Event "I Festival A"]
[Site "Erba ITA"]
[Date "2007.02.25"]
[Round "5"]
[White "Borgo, Giulio"]
[Black "Annoni, Riccardo"]
[Result "1-0"]
[WhiteElo "2417"]
[BlackElo "2065"]
[PlyCount "71"]
[EventDate "2007.02.23"]

1. e4 c5 2. Nf3 e6 3. c4 Nc6 4. d4 cxd4 5. Nxd4 Bb4+ 6. Bd2 Qa5 7. Nxc6 Bxd2+
8. Qxd2 Qxd2+ 9. Nxd2 dxc6 10. e5 Ne7 11. g3 f6 12. exf6 gxf6 13. Ne4 O-O 14.
Bh3 e5 15. Bxc8 Raxc8 16. O-O-O Rc7 17. Rd6 Kg7 18. g4 Ng6 19. Rhd1 Nf4 20.
Rd7+ Rxd7 21. Rxd7+ Rf7 22. Rd8 Ne6 23. Rd6 Nd4 24. Kd1 Nf3 25. h3 h6 26. Ng3
Ng5 27. h4 Nf3 28. Nf5+ Kh7 29. Ke2 Ng1+ 30. Ke3 Nh3 31. h5 Nf4 32. a4 a5 33.
f3 Ng2+ 34. Ke4 Nf4 35. Ng3 Kg7 36. Kf5 1-0

[Event "I Festival A"]
[Site "Erba ITA"]
[Date "2007.02.25"]
[Round "5"]
[White "Bozzali, Ermanno"]
[Black "Gagliardi, Christian"]
[Result "1-0"]
[WhiteElo "2062"]
[BlackElo "2112"]
[PlyCount "81"]
[EventDate "2007.02.23"]

1. d4 g6 2. e4 Bg7 3. Nf3 d6 4. h3 a6 5. Nc3 b5 6. a4 b4 7. Na2 Bb7 8. Bd3 a5
9. O-O Nd7 10. c3 bxc3 11. bxc3 Ngf6 12. Re1 O-O 13. Rb1 Ba6 14. Bxa6 Rxa6 15.
e5 dxe5 16. dxe5 Ne8 17. Ba3 Re6 18. Rb5 c6 19. Rb7 Nc7 20. Nd4 Nxe5 21. Nxe6
Nxe6 22. Bxe7 Qxd1 23. Rxd1 Re8 24. Nc1 Nf4 25. Rd8 Rxd8 26. Bxd8 Nc4 27. Bg5
Ne6 28. Rb8+ Nf8 29. Be7 f5 30. Nd3 Kf7 31. Bxf8 Bxf8 32. Rc8 Nb6 33. Rc7+ Ke8
34. Nb2 Ba3 35. Rxc6 Bxb2 36. Rxb6 Bxc3 37. Rb7 h6 38. Kf1 Be5 39. Ke2 Bf6 40.
Kd3 Be7 41. Kc4 1-0

[Event "I Festival A"]
[Site "Erba ITA"]
[Date "2007.02.25"]
[Round "5"]
[White "Brugo, Marco"]
[Black "Coppola, Guido"]
[Result "0-1"]
[WhiteElo "2085"]
[BlackElo "2002"]
[PlyCount "98"]
[EventDate "2007.02.23"]

1. d4 d5 2. c4 e6 3. Nc3 Nf6 4. cxd5 exd5 5. Bg5 Be7 6. e3 Nbd7 7. Bd3 O-O 8.
Qc2 c6 9. Nge2 Re8 10. O-O h6 11. Bh4 Ne4 12. Bxe7 Qxe7 13. Rae1 Ndf6 14. f3
Nxc3 15. Nxc3 Be6 16. Kh1 Rad8 17. Ne2 Bc8 18. Ng3 g6 19. a3 h5 20. Rf2 Kg7 21.
b4 h4 22. Nf1 Rh8 23. Rb1 Nh5 24. Kg1 Ng3 25. hxg3 hxg3 26. Nxg3 Qh4 27. Kf1
Qxg3 28. Ke1 Rh1+ 29. Bf1 Bf5 30. e4 Re8 31. Rb3 dxe4 32. fxe4 Qh4 33. Re3 Rxe4
34. Rxe4 Bxe4 35. Qe2 Bxg2 36. Qe5+ Kh7 37. Ke2 Bxf1+ 38. Rxf1 Qh2+ 39. Rf2
Qxe5+ 40. dxe5 Kg7 41. Rf3 Rh5 42. Re3 Kf8 43. Kd3 Ke7 44. Kc4 Ke6 45. Kd4 Rf5
46. Re4 Rf1 47. Re3 Rd1+ 48. Ke4 Rd5 49. Kf4 g5+ 0-1

[Event "I Festival A"]
[Site "Erba ITA"]
[Date "2007.02.25"]
[Round "5"]
[White "Cantoro, Daniele"]
[Black "Raineri, Valerio"]
[Result "0-1"]
[WhiteElo "1933"]
[BlackElo "2143"]
[PlyCount "70"]
[EventDate "2007.02.23"]

1. e4 e5 2. Nf3 Nc6 3. Bb5 a6 4. Bxc6 dxc6 5. O-O f6 6. h3 Be6 7. Nc3 Bc5 8. d3
Qe7 9. Be3 g5 10. Nh2 h5 11. Na4 Bd6 12. f3 b6 13. Qe1 Qd7 14. h4 c5 15. b3 Qg7
16. Nb2 Ne7 17. hxg5 fxg5 18. Kf2 g4 19. g3 h4 20. Nxg4 Bxg4 21. fxg4 Qxg4 22.
Qd1 Rf8+ 23. Ke1 Rxf1+ 24. Kxf1 Qh3+ 25. Ke1 hxg3 26. Qf3 Qh2 27. Nc4 O-O-O 28.
Rd1 Rg8 29. Nxd6+ cxd6 30. Qf1 g2 31. Qg1 Qg3+ 32. Kd2 Rf8 33. Re1 Ng6 34. Re2
Nh4 35. Bf2 Nf3+ 0-1

[Event "I Festival A"]
[Site "Erba ITA"]
[Date "2007.02.25"]
[Round "5"]
[White "Cazzaniga, Walter"]
[Black "Pace, Pietro Dario"]
[Result "0-1"]
[WhiteElo "2157"]
[BlackElo "2248"]
[PlyCount "100"]
[EventDate "2007.02.23"]

1. d4 d5 2. c4 c6 3. Nf3 Nf6 4. Nc3 dxc4 5. a4 Bf5 6. e3 e6 7. Bxc4 Bb4 8. O-O
O-O 9. Qe2 Bg4 10. Rd1 Qe7 11. e4 h6 12. h3 Bh5 13. Bf4 Bg6 14. Ne5 Bh7 15. f3
Nbd7 16. Rac1 Rfe8 17. Kh1 Rad8 18. Qf2 Nb6 19. Bb3 Nfd7 20. Nd3 Bd6 21. Bxd6
Qxd6 22. a5 Nc8 23. Na4 Nb8 24. Ndc5 Qe7 25. Qg3 Nd6 26. Qh2 Nb5 27. d5 cxd5
28. exd5 exd5 29. Bxd5 Qg5 30. f4 Qe7 31. Bxb7 Rxd1+ 32. Rxd1 Bc2 33. Rc1 Bxa4
34. a6 Qe3 35. Qg1 Qxg1+ 36. Kxg1 Nd4 37. Rc4 Ne2+ 38. Kf2 Bb5 39. Rb4 Bc6 40.
Rc4 Kf8 41. g3 Re7 42. Bxc6 Nxc6 43. Ne4 Ned4 44. Nc3 Rd7 45. b4 Ke8 46. b5 Ne7
47. Ne4 Nxb5 48. Rb4 Nd4 49. Rb8+ Rd8 50. Rb7 Ndc6 0-1

[Event "I Festival A"]
[Site "Erba ITA"]
[Date "2007.02.25"]
[Round "5"]
[White "Ljubisavljevic, Zivojin Z."]
[Black "Salvador, Roland"]
[Result "1-0"]
[WhiteElo "2279"]
[BlackElo "2450"]
[PlyCount "117"]
[EventDate "2007.02.23"]

1. e4 c5 2. Nf3 Nc6 3. Bb5 Nf6 4. e5 Nd5 5. O-O g6 6. Nc3 Nc7 7. Bxc6 dxc6 8.
Ne4 b6 9. d3 Bg7 10. Bf4 Bg4 11. h3 Ne6 12. hxg4 Nxf4 13. Qd2 Ne6 14. a4 Nd4
15. Rfe1 Nxf3+ 16. gxf3 Bxe5 17. Qg5 f6 18. Qh6 Qc7 19. a5 O-O-O 20. axb6 axb6
21. Ra6 Bf4 22. Qg7 Qb7 23. Ra3 Rhe8 24. Qf7 Bb8 25. Rb3 Bd6 26. Qe6+ Kc7 27.
Qf7 Rf8 28. Qxh7 Rh8 29. Qxg6 Bh2+ 30. Kf1 Be5 31. Qf7 Rh1+ 32. Ke2 Rxe1+ 33.
Kxe1 Bd6 34. Ra3 Ra8 35. Nxf6 Rxa3 36. bxa3 Qa8 37. Ne8+ Kd7 38. Nxd6 Kxd6 39.
Qf4+ Kd7 40. a4 Qa5+ 41. Kf1 Qc3 42. Qc4 Qd2 43. Kg2 Kd6 44. f4 b5 45. axb5
cxb5 46. Qxb5 Qxc2 47. Qc4 Qd1 48. f5 Kd7 49. Qe6+ Kd8 50. f6 exf6 51. Qxf6+
Kd7 52. Qf5+ Kd6 53. g5 Qh5 54. f3 Kc6 55. Qg4 Qh8 56. Qe4+ Kb6 57. g6 Qb2+ 58.
Kg3 Qa1 59. Kg4 1-0

[Event "I Festival A"]
[Site "Erba ITA"]
[Date "2007.02.25"]
[Round "5"]
[White "Orsi, Matteo"]
[Black "Bonarrigo, Marco"]
[Result "0-1"]
[WhiteElo "1978"]
[BlackElo "2039"]
[PlyCount "58"]
[EventDate "2007.02.23"]

1. Nf3 c5 2. g3 b6 3. Bg2 Bb7 4. c4 g6 5. Nc3 Bg7 6. O-O Nc6 7. Rb1 Nh6 8. e3
Nf5 9. e4 Nfd4 10. Nxd4 Nxd4 11. f4 O-O 12. d3 f5 13. Be3 d6 14. Kh1 Bh6 15. b4
Qd7 16. Ne2 e5 17. Nc3 Rf7 18. Nd5 fxe4 19. dxe4 Bxd5 20. exd5 Raf8 21. Bxd4
cxd4 22. fxe5 dxe5 23. Rxf7 Rxf7 24. Bf3 Kg7 25. Bg4 Qe7 26. Be6 Rf2 27. Qd3
Be3 28. Rf1 Qf8 29. Bh3 Qf3+ 0-1

[Event "I Festival A"]
[Site "Erba ITA"]
[Date "2007.02.25"]
[Round "5"]
[White "Rigo, Gianfrancesco"]
[Black "Rossi, Giampiero"]
[Result "1-0"]
[WhiteElo "2055"]
[BlackElo "1980"]
[PlyCount "53"]
[EventDate "2007.02.23"]

1. e4 c5 2. Nf3 e6 3. d4 cxd4 4. Nxd4 a6 5. Nc3 Qc7 6. Bd3 Nc6 7. Be3 Nf6 8.
O-O Ne5 9. f4 Neg4 10. Bd2 Bc5 11. Nce2 e5 12. fxe5 Qxe5 13. Bf4 Bxd4+ 14. Kh1
Qc5 15. Nxd4 Qxd4 16. e5 Nf2+ 17. Rxf2 Qxf2 18. exf6 g6 19. Qe1+ Qxe1+ 20.
Rxe1+ Kd8 21. Bd6 b5 22. Be4 Ra7 23. Bd5 Rc7 24. Be7+ Ke8 25. Bc5+ Kd8 26. Bb6
h5 27. Re3 1-0

[Event "I Festival A"]
[Site "Erba ITA"]
[Date "2007.02.25"]
[Round "5"]
[White "Sironi, Roberto"]
[Black "Ceccarini, Marco"]
[Result "0-1"]
[WhiteElo "1942"]
[BlackElo "2050"]
[PlyCount "56"]
[EventDate "2007.02.23"]

1. d4 d6 2. c4 e5 3. e3 Nc6 4. Nc3 g6 5. d5 Nce7 6. Bd3 f5 7. Nge2 e4 8. Bc2
Bg7 9. Nb5 Nf6 10. Rb1 g5 11. b3 Ng6 12. Bb2 Nh4 13. O-O O-O 14. Nbd4 Qe7 15.
Qd2 Ng4 16. Qb4 Be5 17. Ng3 Qf6 18. Bd1 Nxh2 19. Kxh2 f4 20. Nh5 f3+ 21. g3 Qh6
22. Rh1 Qxh5 23. Kg1 Qg4 24. Kf1 Bxg3 25. fxg3 Qxg3 26. Qd2 Qg2+ 27. Qxg2 fxg2+
28. Kg1 Rf1+ 0-1

[Event "I Festival A"]
[Site "Erba ITA"]
[Date "2007.02.25"]
[Round "5"]
[White "Virzi, Ettore"]
[Black "Cardani, Roberto"]
[Result "1/2-1/2"]
[WhiteElo "1952"]
[BlackElo "1887"]
[PlyCount "37"]
[EventDate "2007.02.23"]

1. e4 c5 2. Nf3 d6 3. d4 cxd4 4. Nxd4 Nf6 5. Nc3 a6 6. Bg5 e6 7. f4 Be7 8. Qf3
Qc7 9. O-O-O Nbd7 10. Bd3 h6 11. Qh3 Nc5 12. Rhe1 Bd7 13. f5 O-O-O 14. Bh4 g5
15. fxg6 fxg6 16. e5 dxe5 17. Nb3 Nd5 18. Bxe7 Nxe7 19. Nxc5 1/2-1/2

[Event "V Open A"]
[Site "Montebelluna ITA"]
[Date "2007.03.09"]
[Round "1"]
[White "Bonafede, Alessandro"]
[Black "De Nardi, Riccardo"]
[Result "1-0"]
[WhiteElo "2230"]
[BlackElo "1968"]
[PlyCount "83"]
[EventDate "2007.03.09"]

1. e4 c5 2. Nf3 d6 3. d4 cxd4 4. Nxd4 Nf6 5. Nc3 g6 6. Be3 Bg7 7. f3 O-O 8. Qd2
Nc6 9. Bc4 Bd7 10. O-O-O Rc8 11. Bb3 Ne5 12. Kb1 Nc4 13. Bxc4 Rxc4 14. g4 Qc7
15. g5 Nh5 16. Nd5 Qd8 17. Nb3 b6 18. Bd4 Bxd4 19. Nxd4 Be6 20. f4 Bxd5 21.
exd5 Ng7 22. Rhe1 Qc7 23. h4 Rxd4 24. Qxd4 Nf5 25. Qe4 Rc8 26. c3 Qc4 27. Rd2
Rc7 28. Rh2 Rc5 29. h5 Qxe4+ 30. Rxe4 Rxd5 31. hxg6 fxg6 32. Kc2 Rc5 33. b4 Rc7
34. Kd3 b5 35. a4 a6 36. axb5 axb5 37. Ra2 Kf7 38. Ra5 Rb7 39. Re1 Rb6 40. Ra7
Rb8 41. Rc7 Rb6 42. Ke4 1-0

[Event "V Open A"]
[Site "Montebelluna ITA"]
[Date "2007.03.09"]
[Round "1"]
[White "Boullu, Thomas"]
[Black "Rombaldoni, Axel"]
[Result "0-1"]
[WhiteElo "1958"]
[BlackElo "2218"]
[PlyCount "56"]
[EventDate "2007.03.09"]

1. e4 c5 2. Nc3 Nc6 3. g3 g6 4. Bg2 Bg7 5. d3 d6 6. f4 Nf6 7. h3 O-O 8. Nge2 e5
9. O-O Rb8 10. f5 b5 11. g4 b4 12. Nb1 Ne8 13. Be3 Nd4 14. Ng3 Qh4 15. c3 bxc3
16. bxc3 Qxg3 17. Bf2 Nf3+ 18. Qxf3 Qxf3 19. Bxf3 gxf5 20. gxf5 Bh6 21. d4 Ba6
22. Rd1 cxd4 23. cxd4 Kh8 24. Kh1 Rb2 25. Bg1 Rg8 26. Bh2 exd4 27. Rxd4 Bg7 28.
Ra4 Bb5 0-1

[Event "V Open A"]
[Site "Montebelluna ITA"]
[Date "2007.03.09"]
[Round "1"]
[White "Broli, Carlo"]
[Black "Brun, Dario"]
[Result "0-1"]
[WhiteElo "1935"]
[BlackElo "2128"]
[PlyCount "56"]
[EventDate "2007.03.09"]

1. c4 e5 2. g3 Nf6 3. Bg2 d5 4. cxd5 Nxd5 5. Nc3 Nb6 6. Nf3 Nc6 7. O-O Be7 8.
a3 O-O 9. b4 Be6 10. d3 a5 11. b5 Nd4 12. Nxd4 exd4 13. Ne4 a4 14. Nd2 Nd5 15.
Bb2 Nc3 16. Bxc3 dxc3 17. Nc4 Bd5 18. e4 Be6 19. Qc2 Qd4 20. Rfc1 Bxc4 21. dxc4
Qxc4 22. Bf1 Qb3 23. Rab1 Qxc2 24. Rxc2 Bf6 25. f4 Bd4+ 26. Kg2 Rfd8 27. Rd1
Bf6 28. Rxd8+ Rxd8 0-1

[Event "V Open A"]
[Site "Montebelluna ITA"]
[Date "2007.03.09"]
[Round "1"]
[White "Castellano, Alfonso"]
[Black "Gagliardi, Christian"]
[Result "0-1"]
[WhiteElo "1949"]
[BlackElo "2112"]
[PlyCount "91"]
[EventDate "2007.03.09"]

1. c4 g6 2. Nc3 Bg7 3. g3 d6 4. Bg2 Nf6 5. e4 e5 6. Nge2 O-O 7. O-O Nbd7 8. d3
c6 9. h3 Nb6 10. a4 a5 11. Be3 Nfd7 12. Rc1 Nc5 13. b3 Nbd7 14. f4 Bh6 15. d4
Na6 16. Qd2 Qe7 17. dxe5 dxe5 18. f5 Bxe3+ 19. Qxe3 Qc5 20. Nd1 f6 21. Kh2 Qxe3
22. Nxe3 Ndc5 23. Rc3 g5 24. Rd1 Bd7 25. Nc1 Rad8 26. Rc2 Kf7 27. Rcd2 Ke7 28.
Ng4 Nb4 29. Bf3 h5 30. Nf2 Rh8 31. Kg2 h4 32. g4 Bc8 33. Kf1 Rxd2 34. Rxd2 Bd7
35. Nfd3 Nbxd3 36. Nxd3 Nxb3 37. Rb2 Nd4 38. Bd1 b5 39. c5 Rb8 40. Ke1 Kd8 41.
Kd2 Kc7 42. Kc3 Be8 43. Nc1 Bf7 44. Ne2 b4+ 45. Kd3 Rd8 46. Ke3 0-1

[Event "V Open A"]
[Site "Montebelluna ITA"]
[Date "2007.03.09"]
[Round "1"]
[White "Chierici, Marianna"]
[Black "Xia, Jie"]
[Result "1-0"]
[WhiteElo "1946"]
[BlackElo "2161"]
[PlyCount "163"]
[EventDate "2007.03.09"]

1. e4 c5 2. c3 d6 3. d4 Nd7 4. Nf3 g6 5. Bd3 Bg7 6. O-O cxd4 7. cxd4 e5 8. Be3
Ne7 9. Na3 O-O 10. Nc4 exd4 11. Bxd4 Bxd4 12. Nxd4 d5 13. exd5 Nxd5 14. Be4
N7f6 15. Bf3 Nb6 16. Rc1 Rb8 17. Nb5 Qxd1 18. Rfxd1 Nxc4 19. Rxc4 Be6 20. Rf4
Kg7 21. Nxa7 Bxa2 22. Rd6 Be6 23. Rb4 b5 24. h3 Ne8 25. Rc6 Bd7 26. Rc5 Rb6 27.
Rd4 Nf6 28. g4 h6 29. h4 Be6 30. g5 Nd7 31. Rxb5 Rxb5 32. Nxb5 Ne5 33. Be2 Rb8
34. Re4 Nc6 35. Kf1 Bd5 36. Re3 Nd8 37. h5 hxg5 38. Re5 Bc6 39. Rxg5 Ne6 40.
Re5 Kf6 41. Na7 Be8 42. Re3 Rxb2 43. hxg6 fxg6 44. Bf3 Bf7 45. Nc6 Nf4 46. Be4
Ra2 47. Ke1 g5 48. Nb4 Ra1+ 49. Kd2 Rf1 50. f3 Bc4 51. Ra3 Rf2+ 52. Kc3 Be6 53.
Kd4 Rd2+ 54. Kc3 Re2 55. Kd4 Rb2 56. Kc3 Rh2 57. Ra6 Ne2+ 58. Kd3 Ke5 59. Ke3
Ng3 60. Nc6+ Kf6 61. Nd4 Nf1+ 62. Kd3 Rd2+ 63. Kc3 Rxd4 64. Kxd4 Ng3 65. Bd5
Ne2+ 66. Ke3 Nf4 67. Bxe6 Nxe6 68. Ke4 Ke7 69. Ke5 Nf4 70. Ra7+ Kd8 71. Rg7 Nh3
72. Kf5 Ke8 73. Kg4 Kf8 74. Ra7 Nf2+ 75. Kxg5 Nd3 76. Kf5 Nb4 77. f4 Nc6 78.
Rd7 Ne7+ 79. Rxe7 Kxe7 80. Kg6 Kf8 81. Kf6 Kg8 82. Ke7 1-0